00496nam a2200193 a 4500001001300000003000900013005001700022008004100039020002200080082001600102100002000118245003800138260003500176300000900211500003500220505001000255650001700265700002000282nice12345678IN_TiNIC20260116012309.0050524s1986 dela grp 000 0 eng  a8170433 c7500a891.49bCHA aChandra, Sansar aSome Prominent Muslim Hindi Poets aDelhibAtma Ram and Sonsc1986 a135p aincludes index and biblioraphy2 aIndex aHindi-Poetry1 aChandra, Sansar